000 00613nam a2200205Ia 4500
001 9032
003 GE_BSU
008 181216s||||||||xx |||||||||||||| ||und||
040 _cGE_BSU
080 _a821.353.1–1
100 _aიეთიმ–გურჯი (დაბღიშვილი, იეთიმ)
245 _aლექსები
245 _cრედ.კ.კალაძე,მხატვ.ზ.რაზმაძე
260 _aთბილისი
260 _bმერანი
260 _c1969
300 _a202გვ.16სმ.
653 _aლექსები
942 _cBK
999 _c42336
_d42336